000
00300nam a22001337a 4500
008
170713b xxu||||| |||| 00| 0 eng d
020
_a
9780195306828
041
_a
eng
080
_2
5TH
_a
1(091)
100
_a
24
101
_a
FIL
245
_a
THE GREAT CONVERSATION
_c
MELCHERT,N
942
_2
udc
_c
BK
999
_c
20572
_d
20572